| 000 | 004610000a22001690004500 | ||
|---|---|---|---|
| 001 | 002483 | ||
| 003 | MACL | ||
| 005 | 20150726181456.0 | ||
| 008 | 150726b xxu||||| |||| 00| 0 eng d | ||
| 040 |
_aMACL _cMACL |
||
| 041 | _aEnglish | ||
| 082 | _a331/BEH | ||
| 245 |
_aIndia's Labouring Poor _bHistorical Studies c. 1600c̜. 2000 _cEdited by Rana P. Behal |
||
| 260 |
_aNew Delhi _c2007 _bFoundation books, |
||
| 650 |
_aEconomics _92753 |
||
| 942 |
_k331 _cBK _2ddc |
||
| 999 |
_c14394 _d14394 |
||